| 000 | 00544nam a2200181Ia 4500 | ||
|---|---|---|---|
| 008 | 090123s9999 xx 000 0 und d | ||
| 082 |
_b19124 _a891.463/नाईक |
||
| 100 | _aनाईक गुरूनाथ | ||
| 245 | _aविषवल्ली | ||
| 250 | _a1 | ||
| 260 |
_bपुजा प्रकाशन _c1989 |
||
| 300 | _a143 | ||
| 600 | _aनाईक गुरूनाथ | ||
| 630 | _aविषवल्ली | ||
| 700 | _aनाईक गुरूनाथ | ||
| 730 | _aविषवल्ली | ||
| 942 | _cBOOK | ||
| 999 |
_c57189 _d57189 |
||